Pays avec le moins de corruption - Statistiques

Statistiques générales
  • Ce quiz a été pris 65 fois
  • Le résultat moyen est 14 sur 20
Statistiques - réponses
index/100 Réponse % Correct
80 Suisse
95%
81 Norvège
92%
88 Finlande
90%
80 Suède
90%
75 Canada
85%
77 Islande
85%
89 Danemark
83%
76 Irlande
81%
71 Japon
81%
78 Luxembourg
81%
70 Royaume uni
81%
77 Allemagne
80%
76 Australie
80%
78 Pays-Bas
80%
81 Nouvelle-Zélande
78%
76 Estonie
66%
84 Singapour
64%
73 Uruguay
27%
71 Bhoutan
22%
76 Hong Kong
7%
Aucun quiz correspondant
Distribution des résultats
% des personnes avec chaque résultat
Percentile par nombre de réponses
Votre historique - résultats
Vous n’avez pas pris ce quiz